[Event "HUN-chT4 2223"]
[Site "Gyor"]
[Date "2023.03.19"]
[Round "6"]
[White "Sary, Gabor"]
[Black "Szekeres, Szilvia"]
[Result "1-0"]
[WhiteElo "1450"]
[BlackElo "1329"]
[PlyCount "63"]
[EventDate "2022.10.09"]
[EventType "team-tourn"]
[EventRounds "7"]
[EventCountry "HUN"]
[SourceTitle "EXT 2024"]
[Source "ChessBase"]
[SourceDate "2023.10.10"]
[SourceVersion "1"]
[SourceVersionDate "2023.10.10"]
[SourceQuality "1"]
[WhiteTeam "Feher Lo Semmovar"]
[BlackTeam "Level KSE"]
[WhiteTeamCountry "HUN"]
[BlackTeamCountry "HUN"]

1. e4 e5 2. Nc3 Nc6 3. Bc4 Nf6 4. d3 Bb4 5. Nge2 0-0 6. Bg5 h6 7. Bh4 Na5 8. 0-0 Nxc4 9. dxc4 c6 10. a3 Be7 11. b4 d6 12. Qd3 Be6 13. Rad1 Qc7 14. f4 Qb6+ 15. Kh1 Qa6 16. c5 Bc4 17. Qf3 exf4 18. cxd6 Bd8 19. Rfe1 Re8 20. Bxf6 Bxf6 21. Nxf4 Rad8 22. Nh5 Be5 23. Ne2 Bxd6 24. Neg3 Bxg3 25. Qxg3 g6 26. Nf6+ Kg7 27. Nxe8+ Rxe8 28. h4 Re7 29. Qc3+ f6 30. e5 f5 31. e6+ Kg8 32. Rd8+ 1-0

[Event "HUN-chT5"]
[Site "Hungary"]
[Date "2022.12.03"]
[Round "3.12"]
[White "Szekeres, Szilvia"]
[Black "Vasenszky, Kata Sara"]
[Result "1-0"]
[WhiteElo "1317"]
[BlackElo "1162"]
[PlyCount "82"]
[EventDate "2022.12.03"]
[EventType "team-tourn"]
[EventRounds "9"]
[EventCountry "HUN"]
[SourceTitle "EXT 2024"]
[Source "ChessBase"]
[SourceDate "2023.10.10"]
[SourceVersion "1"]
[SourceVersionDate "2023.10.10"]
[SourceQuality "1"]

1. e4 c6 2. d4 d5 3. e5 Bf5 4. Nf3 e6 5. Bd3 Bxd3 6. Qxd3 Ne7 7. Bg5 Nd7 8. 0-0 Qc7 9. Nbd2 Nf5 10. Rac1 Qb6 11. b3 c5 12. c3 cxd4 13. cxd4 Ba3 14. Rc2 0-0 15. Nb1 Bb4 16. Rfc1 Be7 17. Bxe7 Nxe7 18. Rc7 Rac8 19. Rxc8 Rxc8 20. Rxc8+ Nxc8 21. Ng5 g6 22. Nd2 Ne7 23. Qc3 Qc6 24. Qb2 Nf5 25. b4 Qb6 26. Ngf3 a5 27. Qc3 Qc6 28. Qxc6 bxc6 29. bxa5 Nb8 30. Nb3 c5 31. Nxc5 Nc6 32. a6 Kf8 33. a3 Ke8 34. g3 Kd8 35. Kf1 Kc7 36. Ke2 Kb6 37. Kd3 Na5 38. g4 Ne7 39. Ng5 Nec6 40. Nxf7 Nc4 41. a4 Nb8 1-0

[Event "HUN-chT Region CSB"]
[Site "Hungary"]
[Date "2021.11.06"]
[Round "2.4"]
[White "Szekeres, Szilvia"]
[Black "Kovacs, Istvan6666"]
[Result "0-1"]
[WhiteElo "1317"]
[BlackElo "1334"]
[PlyCount "50"]
[EventDate "2021.11.06"]
[EventType "team-swiss"]
[EventRounds "10"]
[EventCountry "HUN"]
[SourceTitle "EXT 2023"]
[Source "ChessBase"]
[SourceDate "2022.10.05"]
[SourceVersion "1"]
[SourceVersionDate "2022.10.05"]
[SourceQuality "1"]
[WhiteTeam "Level KSE"]
[BlackTeam "Sopron MAFC"]
[WhiteTeamCountry "HUN"]
[BlackTeamCountry "HUN"]

1. e4 e5 2. Nf3 Nc6 3. Bb5 Bc5 4. Bxc6 dxc6 5. 0-0 Bg4 6. h3 Bxf3 7. Qxf3 Nf6 8. Qg3 Nxe4 9. Qxe5+ Qe7 10. Qxg7 0-0-0 11. Qg4+ Kb8 12. d3 Nxf2 13. Qf3 Nxd3+ 14. Kh1 Nxc1 15. Rxc1 Qe3 16. Qxe3 Bxe3 17. Rf1 Rd7 18. Nc3 Rd2 19. Rxf7 Rg8 20. g4 h5 21. Raf1 a6 22. Ne4 Rxc2 23. Nf6 Rd8 24. Nxh5 Rdd2 25. Ng3 Rh2# 0-1

[Event "HUN-chT4 1718"]
[Site "Hungary"]
[Date "2018.04.14"]
[Round "7.16"]
[White "Szekeres, Szilvia"]
[Black "Mesterhazy, Jozsef"]
[Result "1-0"]
[WhiteElo "1245"]
[BlackElo "1463"]
[PlyCount "51"]
[EventDate "2017.10.28"]
[EventType "team-tourn"]
[EventRounds "9"]
[EventCountry "HUN"]
[SourceTitle "EXT 2020"]
[Source "ChessBase"]
[SourceDate "2019.10.17"]
[SourceVersion "1"]
[SourceVersionDate "2019.10.17"]
[SourceQuality "1"]

1. e4 e5 2. Nf3 d6 3. d4 exd4 4. Nxd4 Nf6 5. Nc3 Be7 6. Bd3 h6 7. 0-0 0-0 8. h3 Bd7 9. Nd5 Nc6 10. Nxf6+ Bxf6 11. Nxc6 Bxc6 12. c3 Bg5 13. Qg4 Bxc1 14. Raxc1 Bd7 15. Qf3 Re8 16. Bc2 Re6 17. Bb3 Rf6 18. Qd3 Rg6 19. e5 Qg5 20. Qf3 Be6 21. Bxe6 fxe6 22. exd6 cxd6 23. Rcd1 d5 24. Rd4 Rf8 25. Qg4 Qe5 26. Qxg6 1-0

[Event "Mosonmagyarovar op"]
[Site "Mosonmagyarovar"]
[Date "2017.09.30"]
[Round "4"]
[White "Salgovic, Simon"]
[Black "Szekeres, Szilvia"]
[Result "1-0"]
[WhiteElo "1613"]
[BlackElo "1215"]
[PlyCount "55"]
[EventDate "2017.09.28"]
[EventType "swiss"]
[EventRounds "7"]
[EventCountry "HUN"]
[SourceTitle "EXT 2019"]
[Source "ChessBase"]
[SourceDate "2018.10.10"]
[SourceVersion "1"]
[SourceVersionDate "2018.10.10"]
[SourceQuality "1"]

1. e4 e5 2. Nf3 d6 3. d4 exd4 4. Qxd4 Nc6 5. Bb5 Bd7 6. Bxc6 Bxc6 7. Nc3 Nf6 8. Bg5 Be7 9. 0-0-0 0-0 10. h3 h6 11. Be3 Re8 12. Nd2 b6 13. g4 d5 14. Nb3 Bb7 15. exd5 Qd7 16. g5 hxg5 17. Bxg5 Rad8 18. Rhg1 Qxh3 19. Rg3 Qf5 20. Rh1 Bxd5 21. Nxd5 Rxd5 22. Qh4 Qh7 23. Rgh3 Nh5 24. Bxe7 f6 25. Qc4 Rxe7 26. Qxd5+ Kf8 27. Rxh5 Qg6 28. Rh8# 1-0